[Event "17. Open de la Constitución 2015"]
[Site "San Sebastian de los Reyes ES"]
[Date "2015.12.04"]
[Round "5.11"]
[White "Tarrio Ocana, Jose Manuel"]
[Black "Tronch Ilzarbe, Carlos Maria"]
[Result "1/2-1/2"]
[WhiteElo "1829"]
[BlackElo "1722"]
[PlyCount "31"]
[EventDate "2015.11.30"]
[EventType "swiss"]
[EventRounds "9"]
[EventCountry "ESP"]
[Source "lmi"]
[SourceDate "2015.11.30"]

1. e4 c6 2. d4 d5 3. Nc3 dxe4 4. Nxe4 Bf5 5. Ng3 Bg6 6. h4 h6 7. Nf3 Nd7 8. h5
Bh7 9. Bd3 Bxd3 10. Qxd3 Ngf6 11. Bf4 e6 12. O-O-O Qa5 13. Kb1 O-O-O 14. Bd2
Qc7 15. Qe2 Kb8 16. Nf1 1/2-1/2

[Event "17. Open de la Constitución 2015"]
[Site "San Sebastian de los Reyes ES"]
[Date "2015.12.04"]
[Round "5.12"]
[White "Lopez Ziegler, Juan Jose"]
[Black "Rodriguez Bernal, Herman"]
[Result "1/2-1/2"]
[WhiteElo "1543"]
[BlackElo "1773"]
[PlyCount "20"]
[EventDate "2015.11.30"]
[EventType "swiss"]
[EventRounds "9"]
[EventCountry "ESP"]
[Source "lmi"]
[SourceDate "2015.11.30"]

1. d4 d5 2. Bf4 Nf6 3. e3 c6 4. c4 Qb6 5. Qb3 Qxb3 6. axb3 a6 7. c5 Bf5 8. b4
Bxb1 9. Rxb1 e6 10. Ra1 Nfd7 1/2-1/2

[Event "17. Open de la Constitución 2015"]
[Site "San Sebastian de los Reyes ES"]
[Date "2015.12.04"]
[Round "5.13"]
[White "Cabanas Bravo, Juan Andres"]
[Black "Garcia Minguez, Antonio"]
[Result "1-0"]
[WhiteElo "2012"]
[BlackElo "1572"]
[PlyCount "79"]
[EventDate "2015.11.30"]
[EventType "swiss"]
[EventRounds "9"]
[EventCountry "ESP"]
[Source "lmi"]
[SourceDate "2015.11.30"]

1. e4 c5 2. Nf3 d6 3. d4 cxd4 4. Nxd4 Nf6 5. Nc3 g6 6. Be3 Bg7 7. f3 O-O 8. Qd2
Re8 9. h4 Nh5 10. Bc4 Nc6 11. g4 Nxd4 12. Bxd4 Bxd4 13. Qxd4 Ng7 14. h5 Qb6 15.
Qxb6 axb6 16. hxg6 hxg6 17. Nd5 Be6 18. Nxb6 Bxc4 19. Nxc4 Ne6 20. c3 Kg7 21.
Kd2 Rh8 22. a3 Rxh1 23. Rxh1 Rd8 24. Nb6 Nf4 25. Kc2 Rh8 26. Rxh8 Kxh8 27. Nc8
d5 28. Nxe7 dxe4 29. fxe4 Kg7 30. a4 Kf6 31. Nd5+ Nxd5 32. exd5 Ke5 33. c4 f5
34. gxf5 gxf5 35. Kd2 Kf4 36. d6 Kg3 37. d7 f4 38. d8=Q f3 39. Qc7+ Kf2 40.
Qxb7 1-0

[Event "17. Open de la Constitución 2015"]
[Site "San Sebastian de los Reyes ES"]
[Date "2015.12.04"]
[Round "5.14"]
[White "Clavero Alarcon, Jose Miguel"]
[Black "Villodre Miranda, Juan Alonso"]
[Result "1-0"]
[WhiteElo "1873"]
[BlackElo "1660"]
[PlyCount "77"]
[EventDate "2015.11.30"]
[EventType "swiss"]
[EventRounds "9"]
[EventCountry "ESP"]
[Source "lmi"]
[SourceDate "2015.11.30"]

1. c4 c5 2. g3 e5 3. Bg2 g6 4. Nc3 Bg7 5. e3 Nc6 6. a3 Nge7 7. Nge2 O-O 8. Rb1
a5 9. O-O d6 10. f4 Rb8 11. b3 h6 12. Bb2 Kh7 13. Qe1 f5 14. d3 Be6 15. Nd5 Bg8
16. Bc3 b6 17. Nxe7 Nxe7 18. b4 axb4 19. axb4 Qd7 20. Ra1 exf4 21. Bxg7 Kxg7
22. Qc3+ Kh7 23. Nxf4 d5 24. cxd5 Bxd5 25. e4 cxb4 26. Qxb4 Nc6 27. Qc3 fxe4
28. dxe4 Bf7 29. Rad1 Qe8 30. e5 Ne7 31. e6 Bg8 32. Qc7 Rc8 33. Qb7 Rb8 34. Qe4
Qc8 35. Rd7 Qc5+ 36. Kh1 Rf5 37. Nxg6 Kxg6 38. Rxe7 Kf6 39. Qh4+ 1-0

[Event "17. Open de la Constitución 2015"]
[Site "San Sebastian de los Reyes ES"]
[Date "2015.12.04"]
[Round "5.15"]
[White "Guillo Longares, Cecilia"]
[Black "Alfaya Martinez, Enrique"]
[Result "1-0"]
[WhiteElo "1815"]
[BlackElo "1586"]
[PlyCount "87"]
[EventDate "2015.11.30"]
[EventType "swiss"]
[EventRounds "9"]
[EventCountry "ESP"]
[Source "lmi"]
[SourceDate "2015.11.30"]

1. d4 Nf6 2. c4 g6 3. Nc3 Bg7 4. e4 d6 5. Nf3 O-O 6. Be2 e5 7. Be3 Nc6 8. d5
Ne7 9. Rc1 Ne8 10. Nd2 f5 11. f3 f4 12. Bf2 g5 13. b4 Bd7 14. a4 Rf6 15. a5 Rg6
16. Nb3 h5 17. c5 g4 18. cxd6 cxd6 19. Bb5 Bh6 20. Nd2 Kh7 21. Qa4 Nf6 22. Nc4
a6 23. Bxd7 Nxd7 24. Qb3 gxf3 25. gxf3 Ng8 26. Na4 Rc8 27. Ke2 Ngf6 28. Nxd6
Rxc1 29. Rxc1 b5 30. axb6 Nxb6 31. Nf7 Qe8 32. Nd6 Qxa4 33. Qc3 Nfd7 34. Ra1
Qxa1 35. Qxa1 Rxd6 36. Qxa6 Bf8 37. Qa7 Kh6 38. Bc5 Rf6 39. d6 Bxd6 40. Bxb6
Nxb6 41. Qxb6 Kg5 42. Qa5 Rf8 43. Qb6 Bb8 44. Qe6 1-0

[Event "17. Open de la Constitución 2015"]
[Site "San Sebastian de los Reyes ES"]
[Date "2015.12.04"]
[Round "5.16"]
[White "Martinez Miura, Enrique"]
[Black "Minguela Munoz, Bienvenido"]
[Result "1/2-1/2"]
[WhiteElo "1611"]
[BlackElo "1726"]
[PlyCount "100"]
[EventDate "2015.11.30"]
[EventType "swiss"]
[EventRounds "9"]
[EventCountry "ESP"]
[Source "lmi"]
[SourceDate "2015.11.30"]

1. e4 c5 2. c4 Nc6 3. Nc3 g6 4. g3 Bg7 5. Bg2 d6 6. Nge2 a6 7. O-O h5 8. h4 Bg4
9. f3 Bd7 10. Rb1 Nh6 11. a3 e6 12. d3 O-O 13. Be3 Kh7 14. d4 cxd4 15. Nxd4 Qc7
16. b3 Nxd4 17. Bxd4 d5 18. Bxg7 Kxg7 19. Qd4+ Kh7 20. Kh2 dxc4 21. bxc4 Bc6
22. Qc5 Rac8 23. Rfd1 Rfd8 24. Rxd8 Qxd8 25. Rd1 Qf6 26. Qe3 Rd8 27. Rxd8 Qxd8
28. c5 Qa5 29. Na2 Ng8 30. Nb4 Ne7 31. Bh3 Qd8 32. Qg5 a5 33. Nc2 Ba4 34. Nd4
Nc6 35. Qxd8 Nxd8 36. Bf1 e5 37. Nb5 Ne6 38. Nc3 Nxc5 39. Nxa4 Nxa4 40. Kg1 Kg7
41. Kf2 Kf6 42. Ke3 Nc5 43. Be2 Ke7 44. g4 hxg4 45. fxg4 Ne6 46. h5 g5 47. Kd2
Nf4 48. Bc4 f6 49. a4 Nh3 50. Be2 Nf4 1/2-1/2

[Event "17. Open de la Constitución 2015"]
[Site "San Sebastian de los Reyes ES"]
[Date "2015.12.04"]
[Round "5.17"]
[White "Stefanescu, Iulian"]
[Black "Alvarez Gonzalez, Eduardo"]
[Result "1-0"]
[WhiteElo "1652"]
[BlackElo "1779"]
[PlyCount "59"]
[EventDate "2015.11.30"]
[EventType "swiss"]
[EventRounds "9"]
[EventCountry "ESP"]
[Source "lmi"]
[SourceDate "2015.11.30"]

1. b3 d5 2. Bb2 Nf6 3. e3 Bg4 4. f3 Bf5 5. Ne2 Nbd7 6. Ng3 Bg6 7. f4 e6 8. Be2
Bd6 9. Na3 c6 10. c4 Qe7 11. Nc2 Nc5 12. O-O Nce4 13. Nxe4 Bxe4 14. Nd4 dxc4
15. Bxc4 Nd5 16. Nf3 f6 17. a3 Nb6 18. Be2 Bg6 19. b4 O-O 20. Nh4 Bf7 21. Bd3
Nd7 22. Qg4 Rfe8 23. Rf3 Nf8 24. Rg3 g6 25. Rf1 f5 26. Bxf5 h5 27. Qxh5 e5 28.
Bxg6 Bxg6 29. Nxg6 Qg7 30. Nxe5 1-0

[Event "17. Open de la Constitución 2015"]
[Site "San Sebastian de los Reyes ES"]
[Date "2015.12.04"]
[Round "5.18"]
[White "Fernandez Estremera, Fernando"]
[Black "Galan Aguado, Fernando"]
[Result "1-0"]
[WhiteElo "1564"]
[BlackElo "1720"]
[PlyCount "65"]
[EventDate "2015.11.30"]
[EventType "swiss"]
[EventRounds "9"]
[EventCountry "ESP"]
[Source "lmi"]
[SourceDate "2015.11.30"]

1. d4 e6 2. c4 d5 3. Nc3 Nf6 4. cxd5 exd5 5. Bg5 Bd6 6. Bxf6 Qxf6 7. Nxd5 Qg6
8. e3 Be6 9. Nc3 Nc6 10. d5 Bg4 11. Qa4 Bd7 12. dxc6 Bxc6 13. Bb5 Qxg2 14.
Bxc6+ bxc6 15. Qe4+ Qxe4 16. Nxe4 Bb4+ 17. Ke2 f5 18. Ng5 Ke7 19. Rc1 h6 20.
N5f3 Rad8 21. Nd4 Kf6 22. Rxc6+ Bd6 23. Nb5 Rb8 24. Nxd6 Rxb2+ 25. Kf3 cxd6 26.
Rxd6+ Ke5 27. Ra6 Rc8 28. Kg3 Rc7 29. Nf3+ Ke4 30. Rd6 Rb4 31. Rhd1 f4+ 32.
exf4 Rc3 33. Re1+ 1-0

[Event "17. Open de la Constitución 2015"]
[Site "San Sebastian de los Reyes ES"]
[Date "2015.12.04"]
[Round "5.19"]
[White "Mehalingam, Karunanithi"]
[Black "Reyes Penas, Sebastian"]
[Result "1-0"]
[WhiteElo "1449"]
[BlackElo "1684"]
[PlyCount "79"]
[EventDate "2015.11.30"]
[EventType "swiss"]
[EventRounds "9"]
[EventCountry "ESP"]
[Source "lmi"]
[SourceDate "2015.11.30"]

1. d4 d5 2. c4 e6 3. Nf3 f5 4. Bf4 c6 5. e3 Nf6 6. Bd3 Be7 7. Qc2 Ne4 8. Ne5
O-O 9. f3 Nf6 10. Nd2 Nbd7 11. O-O-O Nxe5 12. Bxe5 Bd6 13. Rdg1 Qc7 14. Bxf6
Rxf6 15. f4 a6 16. g4 b5 17. c5 Be7 18. g5 Rf8 19. h4 a5 20. a3 Bd7 21. h5 Rfb8
22. b3 Bc8 23. Nf3 Ba6 24. Ne5 b4 25. a4 Bxd3 26. Qxd3 Qb7 27. g6 h6 28. Nf7
Qa6 29. Qc2 Ra7 30. Rh2 Rd7 31. Ng5 hxg5 32. fxg5 Rdd8 33. h6 Qb7 34. hxg7 Kxg7
35. Rh7+ Kf8 36. Qh2 Ke8 37. Qe5 Qc8 38. Rxe7+ Kxe7 39. Qg7+ Ke8 40. Qf7# 1-0

[Event "17. Open de la Constitución 2015"]
[Site "San Sebastian de los Reyes ES"]
[Date "2015.12.04"]
[Round "5.20"]
[White "Bartolome Martin, Angel"]
[Black "Cortijo Manso, Luis"]
[Result "0-1"]
[WhiteElo "1749"]
[BlackElo "1505"]
[PlyCount "91"]
[EventDate "2015.11.30"]
[EventType "swiss"]
[EventRounds "9"]
[EventCountry "ESP"]
[Source "lmi"]
[SourceDate "2015.11.30"]

1. e4 e6 2. d4 d5 3. Nd2 dxe4 4. Nxe4 Bd7 5. Nf3 Bc6 6. Neg5 Nf6 7. Ne5 Qe7 8.
Ngxf7 Rg8 9. Ng5 Nbd7 10. Nxc6 bxc6 11. Qf3 Qd6 12. c3 Qd5 13. Qh3 Qf5 14. Bd3
Qxh3 15. Nxh3 Bd6 16. O-O h6 17. Re1 Kf7 18. Nf4 Bxf4 19. Bxf4 Nd5 20. Bg3 N7f6
21. Re2 Nh5 22. Be5 Nhf4 23. Rd2 Nxd3 24. Rxd3 Rac8 25. Re1 Ne7 26. c4 g5 27.
Rf3+ Ke8 28. Ra3 Ra8 29. Bxc7 Kd7 30. Be5 Ng6 31. g3 h5 32. Ree3 h4 33. Reb3
Nxe5 34. dxe5 Kc7 35. Rf3 h3 36. g4 Rgd8 37. Rad3 Rxd3 38. Rxd3 Rd8 39. Rxd8
Kxd8 40. f4 gxf4 41. Kf2 Ke8 42. Kf3 Kf7 43. Kxf4 Kg6 44. b4 a6 45. a4 Kh6 46.
b5 0-1

[Event "17. Open de la Constitución 2015"]
[Site "San Sebastian de los Reyes ES"]
[Date "2015.12.04"]
[Round "5.22"]
[White "Salgado Nogal, Marcos"]
[Black "Sirera Andres, Dario"]
[Result "1-0"]
[WhiteElo "1467"]
[BlackElo "1360"]
[PlyCount "53"]
[EventDate "2015.11.30"]
[EventType "swiss"]
[EventRounds "9"]
[EventCountry "ESP"]
[Source "lmi"]
[SourceDate "2015.11.30"]

1. e4 c5 2. Nf3 d6 3. d4 cxd4 4. Nxd4 Nf6 5. Nc3 g6 6. f4 Bg7 7. e5 dxe5 8.
fxe5 Nfd7 9. e6 Ne5 10. Bb5+ Nec6 11. exf7+ Kf8 12. Nxc6 Bxc3+ 13. Kf2 Qb6+ 14.
Be3 Qxb5 15. Qd8+ Kg7 16. Qxh8+ Kxf7 17. bxc3 Qf5+ 18. Ke2 Qxc2+ 19. Bd2 Qe4+
20. Kf2 Qf5+ 21. Ke2 Qe4+ 22. Kf2 Qf5+ 23. Ke3 Qe6+ 24. Ne5+ Qxe5+ 25. Qxe5 Nc6
26. Qf4+ Kg7 27. Rhf1 1-0

[Event "17. Open de la Constitución 2015"]
[Site "San Sebastian de los Reyes ES"]
[Date "2015.12.04"]
[Round "5.23"]
[White "Rodenas Riesco, Alfonso"]
[Black "Penas Merino, Ramona"]
[Result "1/2-1/2"]
[WhiteElo "1502"]
[BlackElo "1406"]
[PlyCount "88"]
[EventDate "2015.11.30"]
[EventType "swiss"]
[EventRounds "9"]
[EventCountry "ESP"]
[Source "lmi"]
[SourceDate "2015.11.30"]

1. d4 d5 2. Nf3 e6 3. e3 Nf6 4. c4 c5 5. Nc3 Nc6 6. a3 a6 7. Be2 dxc4 8. Bxc4
cxd4 9. exd4 b5 10. Be2 Bb7 11. O-O Be7 12. b4 Rc8 13. Bb2 Nd5 14. Ne4 Qb6 15.
Nc5 a5 16. Nxb7 Qxb7 17. bxa5 Nxa5 18. Rb1 O-O 19. Qd2 Nc4 20. Bxc4 Rxc4 21.
Ne5 Rc7 22. Nd3 Rfc8 23. Rfc1 Nb6 24. Rxc7 Rxc7 25. Nc5 Qc8 26. Qd3 Nc4 27. Ba1
Bxc5 28. dxc5 Rxc5 29. Rd1 Rd5 30. Qe2 Rxd1+ 31. Qxd1 Nxa3 32. h3 h6 33. Qd4 f6
34. Bb2 Nc4 35. Bc3 Qb8 36. Qg4 Ne5 37. Qxe6+ Kh7 38. Bb4 Qd8 39. Qf5+ Kh8 40.
Qe4 Qd3 41. Qa8+ Kh7 42. Bf8 Qd7 43. Qe4+ Kg8 44. Bb4 Qd3 1/2-1/2

[Event "17. Open de la Constitución 2015"]
[Site "San Sebastian de los Reyes ES"]
[Date "2015.12.04"]
[Round "5.25"]
[White "Llamas Martinez, Pablo"]
[Black "Caceres San Martin, Daniel"]
[Result "1-0"]
[WhiteElo "1422"]
[BlackElo "1043"]
[PlyCount "91"]
[EventDate "2015.11.30"]
[EventType "swiss"]
[EventRounds "9"]
[EventCountry "ESP"]
[Source "lmi"]
[SourceDate "2015.11.30"]

1. e4 e5 2. Nf3 Nc6 3. Bc4 Nf6 4. Ng5 d5 5. exd5 Nxd5 6. d3 Bc5 7. O-O O-O 8.
Nf3 Be6 9. Re1 Qf6 10. Nbd2 Qg6 11. Nxe5 Nxe5 12. Rxe5 c6 13. Ne4 b6 14. Rg5
Qh6 15. Rxd5 Qh4 16. Rh5 Bg4 17. Rxh4 Bxd1 18. Nxc5 bxc5 19. c3 Rfe8 20. Be3
Ba4 21. Bxf7+ Kxf7 22. Rxa4 Re5 23. d4 Rd5 24. dxc5 Rad8 25. h3 g5 26. Rd4 Kf6
27. Rad1 h5 28. Rxd5 cxd5 29. c4 g4 30. h4 Rg8 31. Bg5+ Ke5 32. Rxd5+ Ke4 33.
c6 Rb8 34. b3 Rg8 35. a4 Rf8 36. b4 Rb8 37. b5 a6 38. Rd8 Rb6 39. a5 Rxc6 40.
bxc6 g3 41. f3+ Ke5 42. c7 Kf5 43. c8=Q+ Ke5 44. Qc7+ Ke6 45. Re8+ Kf5 46. Qf7#
1-0

[Event "17. Open de la Constitución 2015"]
[Site "San Sebastian de los Reyes ES"]
[Date "2015.12.05"]
[Round "6.1"]
[White "Perez Mitjans, Orelvis"]
[Black "Alfaya Marcelo, Roberto"]
[Result "1-0"]
[WhiteElo "2478"]
[BlackElo "2107"]
[PlyCount "95"]
[EventDate "2015.11.30"]
[EventType "swiss"]
[EventRounds "9"]
[EventCountry "ESP"]
[Source "lmi"]
[SourceDate "2015.11.30"]

1. e4 c5 2. Nf3 d6 3. d4 cxd4 4. Nxd4 Nf6 5. f3 a6 6. c4 Nc6 7. Be3 g6 8. Nc3
Bg7 9. Qd2 O-O 10. Be2 Bd7 11. O-O Qa5 12. Nb3 Qd8 13. Nd5 Be6 14. a4 Nd7 15.
Nf4 a5 16. Rad1 b6 17. Nd5 Nc5 18. Nxc5 bxc5 19. Nc3 Bd4 20. Nb5 Bxe3+ 21. Qxe3
Bc8 22. f4 Ba6 23. f5 Bxb5 24. cxb5 Ne5 25. Qh6 Kh8 26. Rf4 Rg8 27. fxg6 Rxg6
28. Qh4 Qg8 29. g3 f6 30. Rd5 Qe6 31. Kg2 Rg5 32. Bh5 Rag8 33. Kg1 Nc4 34. Rff5
Ne3 35. Rxg5 fxg5 36. Rxg5 Rxg5 37. Qxg5 Qxe4 38. Kf2 Qc2+ 39. Be2 Nd1+ 40. Ke1
Nxb2 41. Qxe7 Qc3+ 42. Kf1 Kg8 43. b6 Nd3 44. b7 Qc1+ 45. Kg2 Ne1+ 46. Kf2 Qb1
47. b8=Q+ Qxb8 48. Bc4+ 1-0

[Event "17. Open de la Constitución 2015"]
[Site "San Sebastian de los Reyes ES"]
[Date "2015.12.05"]
[Round "6.2"]
[White "Roa Alonso, Santiago"]
[Black "Hernando Pertierra, Jose C"]
[Result "1-0"]
[WhiteElo "2380"]
[BlackElo "2374"]
[PlyCount "65"]
[EventDate "2015.11.30"]
[EventType "swiss"]
[EventRounds "9"]
[EventCountry "ESP"]
[Source "lmi"]
[SourceDate "2015.11.30"]

1. d4 g6 2. e4 Bg7 3. Nf3 c6 4. c4 d6 5. h3 Nf6 6. Nc3 O-O 7. Be3 d5 8. cxd5
cxd5 9. e5 Ne4 10. Nxe4 dxe4 11. Ng5 Qd5 12. Qb3 Qxb3 13. axb3 Nc6 14. Bc4 Rb8
15. O-O h6 16. Nxe4 Rd8 17. Rfd1 b6 18. f4 Bb7 19. d5 Nb4 20. Rxa7 Nxd5 21.
Rxb7 Nxe3 22. Rxd8+ Rxd8 23. Rxe7 Nxc4 24. bxc4 Rd4 25. Re8+ Kh7 26. Nd6 Rxf4
27. b3 g5 28. g4 Kg6 29. e6 h5 30. gxh5+ Kxh5 31. exf7 g4 32. hxg4+ Kxg4 33.
Rg8 1-0

[Event "17. Open de la Constitución 2015"]
[Site "San Sebastian de los Reyes ES"]
[Date "2015.12.05"]
[Round "6.3"]
[White "Soares, Erikson Roberto Mau"]
[Black "Marcos Herrero, Francisco"]
[Result "1-0"]
[WhiteElo "2226"]
[BlackElo "1992"]
[PlyCount "87"]
[EventDate "2015.11.30"]
[EventType "swiss"]
[EventRounds "9"]
[EventCountry "ESP"]
[Source "lmi"]
[SourceDate "2015.11.30"]

1. Nf3 c5 2. g3 b6 3. Bg2 Bb7 4. O-O Nf6 5. c4 g6 6. Nc3 Bg7 7. Re1 d6 8. e4
Nbd7 9. d4 cxd4 10. Nxd4 Rc8 11. e5 dxe5 12. Bxb7 exd4 13. Bxc8 dxc3 14. Bxd7+
Nxd7 15. Qc2 O-O 16. f4 e5 17. bxc3 Qc8 18. Ba3 Re8 19. Rad1 Nc5 20. Rd5 Ne6
21. fxe5 Qxc4 22. Qb3 Qg4 23. Qd1 Qc4 24. Qb3 Qg4 25. Bc1 Bf8 26. Kg2 g5 27. h3
Qf5 28. Qc4 Rc8 29. Qd3 Qg6 30. Qxg6+ hxg6 31. Bd2 Rc4 32. Re2 g4 33. Rd7 gxh3+
34. Kxh3 Ra4 35. Rf2 Rxa2 36. Be3 Ra3 37. Rdxf7 Rxc3 38. R7f6 Rxe3 39. Rxe6 Bc5
40. Rxg6+ Kh7 41. Rg5 Re4 42. Rf4 Rb4 43. e6 a5 44. Rxc5 1-0

[Event "17. Open de la Constitución 2015"]
[Site "San Sebastian de los Reyes ES"]
[Date "2015.12.05"]
[Round "6.4"]
[White "Lopez de Turiso, Jose Angel"]
[Black "Alvarez Abejon, Amilcar"]
[Result "1-0"]
[WhiteElo "2034"]
[BlackElo "2055"]
[PlyCount "111"]
[EventDate "2015.11.30"]
[EventType "swiss"]
[EventRounds "9"]
[EventCountry "ESP"]
[Source "lmi"]
[SourceDate "2015.11.30"]

1. Nf3 f5 2. d3 Nf6 3. e4 d6 4. Nc3 e5 5. g3 Be7 6. Bg2 O-O 7. exf5 Nc6 8. Nh4
Nd4 9. O-O c6 10. Bg5 Nxf5 11. Nf3 h6 12. Bd2 Qe8 13. Ne4 Nxe4 14. dxe4 Nd4 15.
Nxd4 exd4 16. c3 Bf6 17. cxd4 Bxd4 18. Bxh6 Bxb2 19. Qb3+ Qe6 20. Qxb2 Qxh6 21.
Rad1 Qf6 22. Qxf6 Rxf6 23. f4 Bg4 24. Rb1 b6 25. Rfc1 Rc8 26. h3 Be6 27. e5
dxe5 28. fxe5 Rf5 29. Rxc6 Rxc6 30. Bxc6 Rxe5 31. Bg2 Bxa2 32. Ra1 Re2 33. Rxa2
Rxa2 34. Bd5+ Kh7 35. Bxa2 b5 36. Bd5 Kg6 37. Kf2 Kf5 38. Ke3 a5 39. Bc6 b4 40.
Ba4 Ke5 41. Kd3 Kd5 42. h4 Ke5 43. Kc4 Ke4 44. Bc6+ Kf5 45. Bd7+ Ke4 46. h5 Kf3
47. g4 Kf4 48. Kb3 Kg5 49. Ka4 Kf4 50. Bf5 Kg5 51. Kxa5 b3 52. Kb6 b2 53. Kc6
b1=Q 54. Bxb1 Kxg4 55. Bg6 Kg5 56. Kd7 1-0

[Event "17. Open de la Constitución 2015"]
[Site "San Sebastian de los Reyes ES"]
[Date "2015.12.05"]
[Round "6.5"]
[White "Esquivias Gomez, Francisco J"]
[Black "Anton Quevedo, Andrea"]
[Result "1/2-1/2"]
[WhiteElo "2029"]
[BlackElo "1810"]
[PlyCount "31"]
[EventDate "2015.11.30"]
[EventType "swiss"]
[EventRounds "9"]
[EventCountry "ESP"]
[Source "lmi"]
[SourceDate "2015.11.30"]

1. c4 c5 2. Nf3 Nf6 3. d4 e6 4. Nc3 d5 5. cxd5 exd5 6. g3 Nc6 7. Bg2 c4 8. O-O
Be7 9. Ne5 O-O 10. h3 a6 11. Nxc6 bxc6 12. e4 dxe4 13. Nxe4 Qb6 14. Qc2 Qxd4
15. Rd1 Qb6 16. Qxc4 1/2-1/2

[Event "17. Open de la Constitución 2015"]
[Site "San Sebastian de los Reyes ES"]
[Date "2015.12.05"]
[Round "6.6"]
[White "Lozano Suarez, Luis Miguel"]
[Black "Hernandez Ramos, David"]
[Result "1/2-1/2"]
[WhiteElo "2136"]
[BlackElo "1886"]
[PlyCount "131"]
[EventDate "2015.11.30"]
[EventType "swiss"]
[EventRounds "9"]
[EventCountry "ESP"]
[Source "lmi"]
[SourceDate "2015.11.30"]

1. c4 Nf6 2. g3 g6 3. Bg2 Bg7 4. Nc3 d6 5. d3 O-O 6. Bg5 c5 7. Qd2 Re8 8. h4 h5
9. Nh3 Nc6 10. Nf4 Rb8 11. O-O Bd7 12. Nfd5 a6 13. Nxf6+ exf6 14. Bh6 Ne5 15.
Bxg7 Kxg7 16. Nd5 Bc6 17. a3 b5 18. Rfc1 Bxd5 19. Bxd5 Qb6 20. b4 cxb4 21. axb4
bxc4 22. dxc4 Rec8 23. Ra4 Nc6 24. Bxc6 Rxc6 25. Qd5 Re8 26. e3 Re5 27. Qd4
Qxd4 28. exd4 Re4 29. d5 Rcxc4 30. Rxc4 Rxc4 31. Rxa6 Rxb4 32. Rxd6 Rd4 33. Kg2
f5 34. Kf3 Kf8 35. Ke3 Rd1 36. Kf4 {(=)} Ke7 37. Ra6 Rxd5 38. Kg5 Rd2 39. f3
Rd3 40. Kf4 Rd6 41. Ra4 Kf6 42. Rb4 Ra6 43. Rc4 Kg7 44. Rc7 Kf6 45. Rc4 Re6 46.
Ra4 Re7 47. Ra6+ Kg7 48. Kg5 Rb7 49. Rc6 Rb3 50. Kf4 Rb4+ 51. Ke3 Rb7 52. Kf4
f6 53. Rc4 Kf7 54. Ra4 Rd7 55. Rb4 Ke6 56. Ra4 Rd6 57. Rb4 Rc6 58. Rd4 Rc3 59.
Ra4 Kd5 60. Ra6 Rc4+ 61. Ke3 Rc6 62. Ra5+ Ke6 63. Ra7 Rc3+ 64. Kf2 Rc2+ 65. Ke3
Rc3+ 66. Kf2 1/2-1/2

[Event "17. Open de la Constitución 2015"]
[Site "San Sebastian de los Reyes ES"]
[Date "2015.12.05"]
[Round "6.7"]
[White "Largo Barbero, Benito"]
[Black "Quevedo Marin, Manuel"]
[Result "0-1"]
[WhiteElo "1954"]
[BlackElo "2204"]
[PlyCount "60"]
[EventDate "2015.11.30"]
[EventType "swiss"]
[EventRounds "9"]
[EventCountry "ESP"]
[Source "lmi"]
[SourceDate "2015.11.30"]

1. d4 Nf6 2. Bg5 d5 3. Nc3 Bf5 4. e3 Nbd7 5. h3 e6 6. a3 Be7 7. Nf3 h6 8. Bf4
O-O 9. g4 Bg6 10. Rg1 Ne4 11. Nxe4 Bxe4 12. Nd2 Bg6 13. Nf3 c5 14. g5 hxg5 15.
Bxg5 Bxg5 16. Nxg5 e5 17. Qg4 Nf6 18. Qg2 Qa5+ 19. c3 cxd4 20. Nxf7 Rxf7 21.
Qxg6 Qb6 22. b4 dxe3 23. f3 Rc8 24. Rc1 Rc6 25. Qg3 Qc7 26. c4 dxc4 27. Rg2 b5
28. a4 Qd6 29. Rb2 c3 30. Rbc2 Qd2+ 0-1

[Event "17. Open de la Constitución 2015"]
[Site "San Sebastian de los Reyes ES"]
[Date "2015.12.05"]
[Round "6.8"]
[White "Guillo Longares, Cecilia"]
[Black "Cabanas Bravo, Juan Andres"]
[Result "0-1"]
[WhiteElo "1815"]
[BlackElo "2012"]
[PlyCount "36"]
[EventDate "2015.11.30"]
[EventType "swiss"]
[EventRounds "9"]
[EventCountry "ESP"]
[Source "lmi"]
[SourceDate "2015.11.30"]

1. e4 d5 2. exd5 Nf6 3. Nf3 Qxd5 4. Nc3 Qh5 5. Bc4 Bg4 6. Be2 Nc6 7. d4 O-O-O
8. Be3 e5 9. d5 Bb4 10. O-O Bxc3 11. bxc3 Rxd5 12. Qe1 e4 13. Nd4 Nxd4 14.
Bxg4+ Nxg4 15. h3 Nf3+ 16. gxf3 exf3 17. Bf4 Qxh3 18. Qe4 Qg2# 0-1

[Event "17. Open de la Constitución 2015"]
[Site "San Sebastian de los Reyes ES"]
[Date "2015.12.05"]
[Round "6.9"]
[White "Vukotic Jovsic, Dragan"]
[Black "Marin Aso, Jose Luis"]
[Result "0-1"]
[WhiteElo "1943"]
[BlackElo "1775"]
[PlyCount "76"]
[EventDate "2015.11.30"]
[EventType "swiss"]
[EventRounds "9"]
[EventCountry "ESP"]
[Source "lmi"]
[SourceDate "2015.11.30"]

1. d4 c5 2. c3 Nf6 3. Bf4 Qb6 4. Qb3 Qxb3 5. axb3 cxd4 6. Bxb8 Rxb8 7. Rxa7
dxc3 8. bxc3 d5 9. e3 Bd7 10. Nf3 e6 11. Ne5 Bc5 12. Nxd7 Bxa7 13. Nxb8 Bxb8
14. Bb5+ Ke7 15. Nd2 Be5 16. c4 Bc3 17. Ke2 Bxd2 18. Kxd2 Ne4+ 19. Ke2 Nc3+ 20.
Kd3 Nxb5 21. cxb5 Rc8 22. Ra1 Kd6 23. f4 Rc5 24. Ra5 Kc7 25. Ra8 Kb6 26. Rg8 g6
27. Rg7 Rc7 28. Rxh7 Kxb5 29. g4 Kb4 30. h4 Kxb3 31. h5 gxh5 32. g5 b5 33. g6
Rc3+ 34. Kd2 fxg6 35. Re7 Rc6 36. Rg7 e5 37. Rd7 exf4 38. exf4 Kc4 0-1

[Event "17. Open de la Constitución 2015"]
[Site "San Sebastian de los Reyes ES"]
[Date "2015.12.05"]
[Round "6.10"]
[White "Perez Cameselle, Francisco"]
[Black "Stefanescu, Iulian"]
[Result "1/2-1/2"]
[WhiteElo "1904"]
[BlackElo "1652"]
[PlyCount "40"]
[EventDate "2015.11.30"]
[EventType "swiss"]
[EventRounds "9"]
[EventCountry "ESP"]
[Source "lmi"]
[SourceDate "2015.11.30"]

1. Nf3 g6 2. g3 Bg7 3. d4 Nf6 4. c4 c6 5. Nc3 Na6 6. Bg2 Nc7 7. d5 O-O 8. O-O
a6 9. Qb3 cxd5 10. cxd5 d6 11. Rd1 Bd7 12. Qxb7 Nb5 13. Nxb5 Bxb5 14. a4 Nd7
15. a5 Rb8 16. Qa7 Nc5 17. Be3 Rb7 18. Bxc5 Rxa7 19. Bxa7 Bxe2 20. Bb6 Qd7
1/2-1/2

[Event "17. Open de la Constitución 2015"]
[Site "San Sebastian de los Reyes ES"]
[Date "2015.12.05"]
[Round "6.11"]
[White "Rodriguez Bernal, Herman"]
[Black "Clavero Alarcon, Jose Miguel"]
[Result "0-1"]
[WhiteElo "1773"]
[BlackElo "1873"]
[PlyCount "64"]
[EventDate "2015.11.30"]
[EventType "swiss"]
[EventRounds "9"]
[EventCountry "ESP"]
[Source "lmi"]
[SourceDate "2015.11.30"]

1. Nf3 d5 2. d4 c6 3. c4 Nf6 4. cxd5 cxd5 5. Nc3 Nc6 6. e3 Bf5 7. Bd3 g6 8. O-O
Bg7 9. Bxf5 gxf5 10. b3 O-O 11. Bb2 Rc8 12. Rc1 {(=)} Ne4 13. a3 Qd6 14. Ne2
Na5 15. Qd3 Qb6 16. Nf4 e6 17. Ne5 Qxb3 18. Qe2 Nf6 19. g4 Nc4 20. gxf5 Qxb2
21. Rc2 Qxa3 22. Kh1 Qd6 23. Nxf7 Rxf7 24. fxe6 Re7 25. Rg1 Rxe6 26. Nxe6 Qxe6
27. f3 Re8 28. Qg2 Re7 29. Re2 Nd6 30. Qg5 Qf5 31. Qg3 Nde8 32. e4 dxe4 {
Tiempo.} 0-1